US Cities More Populated Than Wyoming - Statistics

General Stats
  • This quiz has been taken 22 times
  • The average score is 25 of 29
Answers on the Map
Answers color-coded by a green-red scale on the quiz's map according to % correct below.
 
Answer Stats
Answer % Correct
Dallas
95%
Denver
95%
Houston
95%
Las Vegas
95%
Los Angeles
95%
Seattle
95%
Austin
91%
Oklahoma City
91%
Phoenix
91%
Portland
91%
San Antonio
91%
San Diego
91%
San Francisco
91%
Chicago
86%
El Paso
86%
New York City
86%
Boston
82%
Fort Worth
82%
Indianapolis
82%
Jacksonville
82%
Nashville
82%
Philadelphia
82%
Washington D.C.
82%
Charlotte
77%
Detroit
77%
Memphis
77%
San Jose
77%
Columbus
73%
Louisville
64%
No matching quizzes found
Score Distribution
Percent of People with Each Score
Percentile by Number Answered
Your Score History
You have not taken this quiz